| 000 | 00981nam a2200289 a 4500 | ||
|---|---|---|---|
| 001 | 52659 | ||
| 003 | BD-RjUL | ||
| 005 | 20211209075836.0 | ||
| 008 | 160925s1953 ii 001 0 eng | ||
| 035 | _a(BD-RjUL)52779 | ||
| 035 | _a(OCoLC)5036947 | ||
| 040 |
_aDLC _cMnU _dDLC _beng |
||
| 041 | _aeng | ||
| 082 |
_223 _a341.04951 _bAIC 1953 |
||
| 100 |
_aAiyar, K. Jagadisa _9157461 |
||
| 110 | 1 |
_aIndia (Republic) _9157653 |
|
| 245 | 1 | 4 |
_aThe Cattle trespass act (1 of 1871) with up-to-date caselaw / _cby K. Jagadisa Aiyar. |
| 250 | _a3d ed. rev. and enl. | ||
| 260 |
_aAllahabad : _bLaw Book Co., _c1953. |
||
| 300 |
_aviii, 92 p. ; _c23 cm. |
||
| 500 | _aThe 2d ed. is entered under India (Dominion) Laws, statutes, etc. | ||
| 650 | 0 |
_aDomestic animals _xLaw and legislation _zIndia. _9157463 |
|
| 650 | 0 |
_aLiability for animals _zIndia. _9157464 |
|
| 700 | 1 |
_aSastri, L. S. _q(L. Subrahmanya) _eed. _9134402 |
|
| 942 |
_2ddc _cBK |
||
| 999 |
_c52659 _d52659 |
||